Alfabet Angielski - Statystyki

Ogólne statystyki
  • Ten quiz został rozwiązany 110 razy
  • Średni wynik to 24 z 26
Odpowiedzi na mapie
Odpowiedzi zakodowano w zielono-czerwonej skali na mapie do tego quizu, zgodnie z poniższymi procentami.
 
Statystyki odpowiedzi
Litery % Poprawnych
A
99%
D
97%
B
96%
E
96%
F
96%
G
96%
R
96%
H
95%
J
95%
K
95%
Y
95%
C
94%
L
94%
N
94%
O
94%
P
94%
Q
94%
S
94%
U
94%
W
94%
I
92%
M
92%
T
92%
Z
91%
X
90%
V
85%
Nie znaleziono quizów pasujących do podanych kryteriów
Rozkład punktacji
Procent ludzi z każdym wynikiem
Percentyl według liczby udzielonych odpowiedzi
Twoja historia wyników
Nie rozwiązałeś tego quizu